All-in-one CAPM/PMP project management certification : (Record no. 82988)
[ view plain ]
| 000 -LEADER | |
|---|---|
| fixed length control field | 00820nam a22002417a 4500 |
| 010 ## - LCCN (DPL NO) | |
| LC control number | ENG-109545 |
| 020 ## - INTERNATIONAL STANDARD BOOK NUMBER | |
| Terms of availability | 895.00 |
| International Standard Book Number | 9789351344735 |
| 020 ## - INTERNATIONAL STANDARD BOOK NUMBER | |
| Terms of availability | 895.00 |
| International Standard Book Number | 9351344738 |
| 035 ## - SYSTEM CONTROL NUMBER | |
| System control number | EN-93078 |
| 037 ## - SOURCE OF ACQUISITION | |
| Source of stock number/acquisition | DBAD/PUB |
| 082 ## - DEWEY DECIMAL CLASSIFICATION NUMBER | |
| Classification number | 658.404076 |
| 100 ## - MAIN ENTRY--PERSONAL NAME | |
| Personal name | Phillips, Joseph |
| 245 00 - TITLE STATEMENT | |
| Title | All-in-one CAPM/PMP project management certification : |
| Statement of responsibility, etc | by Joseph Phillips |
| Remainder of title | exam guide/ |
| 246 ## - VARYING FORM OF TITLE | |
| Title proper/short title | CAPM/PMP project management certification all-in-one exam guide |
| 250 ## - EDITION STATEMENT | |
| Edition statement | 3rd ed |
| 260 ## - PUBLICATION, DISTRIBUTION, ETC. (IMPRINT) | |
| Place of publication, distribution, etc | New Delhi |
| Name of publisher, distributor, etc | McGraw Hill Education |
| Date of publication, distribution, etc | 2014 |
| 270 ## - ADDRESS | |
| Address | P-24, Green Park Extn. |
| City | New Delhi |
| Postal code | 110016 |
| 300 ## - PHYSICAL DESCRIPTION | |
| Extent | xxii,632p. |
| Dimensions | 24cm(pbk) |
| Accompanying material | 1 CD-ROM |
| 490 ## - SERIES STATEMENT | |
| Series statement | All-in-one |
| 500 ## - GENERAL NOTE | |
| General note | Includes index |
| 650 ## - SUBJECT ADDED ENTRY--TOPICAL TERM | |
| Topical term or geographic name as entry element | Project management |
| General subdivision | Examinations |
| Form subdivision | Study guides. |
| 942 ## - ADDED ENTRY ELEMENTS (KOHA) | |
| Source of classification or shelving scheme | Dewey Decimal Classification |
| Item type | English Books |
| Call number suffix | PHI |
| Classification part | 658.404076 |
| Withdrawn status | Lost status | Not for loan | Collection code | Home library | Current library | Date acquired | Source of acquisition | Cost, normal purchase price | Full call number | Barcode | Copy number | Cost, replacement price | Koha item type |
|---|---|---|---|---|---|---|---|---|---|---|---|---|---|
| Not For Loan | Non-fiction | D.B.Act.Division | D.B.Act.Division | 13/03/2014 | DBAD/PUB | 895.00 | 658.404076 PHI | EN-93078 | 1 | 895.00 | English Books |
